000 00759nam a22002537a 4500
005 20180102143847.0
010 _a ENG-114369
020 _a9789339221188
_c699.00
020 _a933921184
_c699.00
035 _aEN-97901
037 _bDBAD/PUB
082 _a339
100 _aDornbusch, Rudiger
245 _aMacroeconomics /
_cbu Rudiger Dornbusch, Stanley Fischer [and] Richard Startz
250 _a11th ed
260 _aNoida
_bMcGraw Hill Education
_c2015
270 _aB-4, Sector-63, Dist. Gautam Budh Nagar
_bNoida
_e201301
300 _axix,636p. :
_c25cm(pbk)
_bill.
500 _aIncludes index
650 _aMacroeconomics.
700 _aFischer, Stanley
700 _aStartz, Richard
942 _2ddc
_cEN
_mDOR
_h339
999 _c97894
_d97894